000 00463pab a2200169 454500
008 180718b2013 xxu||||| |||| 00| 0 eng d
100 _aDas, Lata
245 _aListening to the voices of children living with HIV and on antiretroviral therapy: A focus on counselling needs
260 _c2013
300 _ap.219-236.
362 _aApr
650 _aTherapy
650 _aAIDS
773 _aIndian Journal of Social Work
908 _aN
909 _a102619
999 _c102617
_d102617